1992 1461 1956 1756 1924 1026 1195 1781 1609 1668 1040 1504 1688 1776 1627 1050 1075 1219 1747 1998 1787 1163 2000 1939 1009 1896 1569 1549 1647 1496 1877 1893 1057 1984 1087 1476 1005 1858 1583 1614 1402 1642 1909 1227 1516 1830 1269 1344 1834 1130 1308 1795 1245 1318 1448 1420 1441 1821 1251 1906 1770 1159 1456 1365 1830 1210 1102 1450 1657 1174 1700 1955 1655 1491 1823 1674 1131 1632 1336 1878 1493 1303 1093 1943 1522 1855 1711 1362 1584 1273 1249 1999 1781 1969 1628 1282 1935 1717 1339 BCNSPRNW ULIB Ver.6.0+V

เปลี่ยนเป็นภาษาไทย

Change to English
 แสดงรายละเอียดบรรณานุกรม
  กลับหน้าหลัก

Brief Record : Get Marc (ISO 2709) : E-mail record : QR code < ปิดหน้าต่าง
LEADER : 00000nam 2200000uu 4500
001    13399120916
003     ULIB
008    020711s2546 th a 000 0 tha d
020    9745155705
050  4 G^bส241ข
100    กัลยา กิจบุญชู
245    ข้อแนะนำการออกกำลังกาย สำหรับคนอ้วน/^cกัลยา กิจบุญชู
250    พิมพ์ครั้งที่ 1
260    นนทบุรี :^bองค์การรับส่งสินค้าและพัสดุภัณฑ์,^c2546
945    ^p0^l0^i13611
999    ^aทศพร เกษรทอง
รายการนี้ยังไม่มีแท็ก
คุณยังไม่ได้ล็อกอิน คุณสามารถมีกิจกรรมร่วมกับเว็บไซต์ได้ แต่ต้องล็อกอินก่อน ::
  ล็อกอิน

รายการสื่อสารสนเทศ

ลำดับที่ ประเภท เลขเรียก/บาร์โค้ด สถานที่ สถานะ
1. วิทยาศาสตร์การแพทย์ และสุขภาพ
วิทยาศาสตร์การแพทย์ และสุขภาพ
G ส241ข  
  Barcode: 13611
ห้องสมุดวิทยาเขตสวรรค์ประชารักษ์
►หนังสือทั่วไป
บนชั้น

BibComment


ยังไม่เคยถูกคอมเมนท์

คอมเมนท์ทรัพยากรรายการนี้
  คอมเมนท์: ข้อแนะนำการออกกำล..


 Copyright 2026. Bcnsprnw @Library